[Event "Madrid ch 2009/10 Semifinal A"]
[Site "Madrid ESP"]
[Date "2010.01.11"]
[Round "1.1"]
[White "Lopez-Andujar Ocaña, Antonio"]
[Black "Ballesteros Gonzalez, David"]
[Result "0-1"]
[WhiteElo "2083"]
[BlackElo "2227"]
[PlyCount "62"]
[EventDate "2010.01.11"]
[EventType "swiss"]
[EventRounds "9"]
[EventCountry "ESP"]
[Source "lmi"]
[SourceDate "2010.01.11"]

1. e4 c5 2. Nc3 d6 3. g3 Nc6 4. Bg2 Nf6 5. d3 Bg4 6. f3 Bd7 7. f4 Bg4 8. Nf3 g6
9. O-O Nd4 10. h3 Nxf3+ 11. Bxf3 Bxh3 12. e5 dxe5 13. fxe5 Qd4+ 14. Rf2 Ng4 15.
Bxg4 Bxg4 16. Qf1 a6 17. Ne4 Qxe5 18. Bd2 Qc7 19. Bc3 Rg8 20. Rxf7 Bf5 21. Rxh7
Bxe4 22. Qf7+ Kd7 23. Kh2 Bg7 24. Bxg7 Bf5 25. Re1 Rae8 26. Bf8 Qc6 27. Qxg8
Qf3 28. Rg1 Be6 29. Qxg6 Bd5 30. Kh3 Rxf8 31. Qg4+ Be6 0-1

[Event "Madrid ch 2009/10 Semifinal A"]
[Site "Madrid ESP"]
[Date "2010.01.11"]
[Round "1.2"]
[White "Rodriguez Yuste, Marcelo"]
[Black "Lorenzo Bailador, Alfredo"]
[Result "1/2-1/2"]
[WhiteElo "2227"]
[BlackElo "2078"]
[PlyCount "66"]
[EventDate "2010.01.11"]
[EventType "swiss"]
[EventRounds "9"]
[EventCountry "ESP"]
[Source "lmi"]
[SourceDate "2010.01.11"]

1. c4 e6 2. d4 d5 3. Nc3 Be7 4. Nf3 Nf6 5. e3 O-O 6. Bd3 dxc4 7. Bxc4 c5 8. O-O
a6 9. a3 b5 10. Bd3 Bb7 11. dxc5 Bxc5 12. b4 Be7 13. e4 h6 14. Qe2 Nbd7 15. e5
Rc8 16. Ne4 Nxe4 17. Bxe4 Bxe4 18. Qxe4 Nb6 19. Qg4 Rc4 20. Qg3 Kh7 21. Bd2 Qc7
22. Rfd1 Nd5 23. Rac1 Rc8 24. h3 Qb6 25. Ne1 R8c6 26. Qf3 Kg8 27. Rxc4 Rxc4 28.
Rc1 Rxc1 29. Bxc1 Qc7 30. Bb2 a5 31. bxa5 Qxa5 32. Nc2 Qa4 33. Nd4 b4 1/2-1/2

[Event "Madrid ch 2009/10 Semifinal A"]
[Site "Madrid ESP"]
[Date "2010.01.11"]
[Round "1.3"]
[White "Martin Martin, Luis Vicente"]
[Black "Pastor Alonso De Prado, Emilio A"]
[Result "0-1"]
[WhiteElo "2061"]
[BlackElo "2205"]
[PlyCount "86"]
[EventDate "2010.01.11"]
[EventType "swiss"]
[EventRounds "9"]
[EventCountry "ESP"]
[Source "lmi"]
[SourceDate "2010.01.11"]

1. d4 d5 2. Bf4 c5 3. e3 Nf6 4. c3 Qb6 5. Qb3 Nc6 6. Nf3 c4 7. Qc2 Bf5 8. Qc1
h6 9. h3 e6 10. Nbd2 Be7 11. Be2 O-O 12. O-O Rfc8 13. Re1 Qd8 14. Bd1 b5 15. a3
a5 16. Bc2 b4 17. Bxf5 exf5 18. axb4 axb4 19. Rxa8 Rxa8 20. b3 bxc3 21. Qxc3
Bb4 22. Qc2 c3 23. Nb1 Qa5 24. Rc1 Ne4 25. Ne1 Qa1 26. Qd1 Ra2 27. Nd3 Nxf2 28.
Nxf2 Qb2 29. Qf1 c2 30. Nd3 Qxb3 31. Nxb4 Qxb4 32. Bd6 Qxd6 33. Nc3 Rb2 34. Qa6
Qe6 35. Kf2 f4 36. Qe2 fxe3+ 37. Qxe3 Qf6+ 38. Ke1 Nxd4 39. Nxd5 Qe6 40. Qxe6
fxe6 41. Ne3 Rb1 42. Kd2 Nb3+ 43. Kxc2 Rxc1+ 0-1

[Event "Madrid ch 2009/10 Semifinal A"]
[Site "Madrid ESP"]
[Date "2010.01.11"]
[Round "1.4"]
[White "Salcedo Tornero, Pablo"]
[Black "Tipter, Napoleon"]
[Result "0-1"]
[WhiteElo "2201"]
[BlackElo "2052"]
[PlyCount "94"]
[EventDate "2010.01.11"]
[EventType "swiss"]
[EventRounds "9"]
[EventCountry "ESP"]
[Source "lmi"]
[SourceDate "2010.01.11"]

1. e4 c5 2. Nc3 d6 3. g3 Nc6 4. Bg2 Nf6 5. d3 g6 6. h3 Bg7 7. Be3 O-O 8. Qd2 a6
9. Bh6 Nd4 10. Bxg7 Kxg7 11. Nce2 e5 12. c3 Nc6 13. f4 d5 14. O-O-O Re8 15. Qc2
d4 16. Nf3 Qa5 17. fxe5 Nxe5 18. Nxe5 Rxe5 19. b3 Bd7 20. Rhf1 Rc8 21. Kb2
dxc3+ 22. Nxc3 Be6 23. Qd2 Qc7 24. g4 Ne8 25. g5 Qe7 26. h4 Rd8 27. Rf2 Nc7 28.
Qf4 Qd6 29. Rdf1 Rd7 30. Bh3 Bxh3 31. Rh1 Bf5 32. exf5 Rxf5 33. Qh2 Qxh2 34.
Rhxh2 Rxf2+ 35. Rxf2 Rxd3 36. Ne4 Ne6 37. Nf6 Rd4 38. Rh2 Nf4 39. Ne8+ Kf8 40.
Nf6 Nh5 41. Nxh5 gxh5 42. Rc2 b6 43. Rc4 Rxc4 44. bxc4 h6 45. gxh6 Kg8 46. Kc3
b5 47. Kd3 Kh7 0-1

[Event "Madrid ch 2009/10 Semifinal A"]
[Site "Madrid ESP"]
[Date "2010.01.11"]
[Round "1.5"]
[White "Vazquez Gonzalez, Jesus"]
[Black "Cabañas Jimenez, Andres"]
[Result "0-1"]
[WhiteElo "2050"]
[BlackElo "2174"]
[PlyCount "84"]
[EventDate "2010.01.11"]
[EventType "swiss"]
[EventRounds "9"]
[EventCountry "ESP"]
[Source "lmi"]
[SourceDate "2010.01.11"]

1. e4 c5 2. Nf3 e6 3. d4 cxd4 4. Nxd4 a6 5. c4 Nf6 6. Nc3 Bb4 7. Bd3 Nc6 8.
Nxc6 Bxc3+ 9. bxc3 dxc6 10. Ba3 e5 11. O-O Qc7 12. f4 Ng4 13. Qc1 exf4 14. e5
Qxe5 15. Rxf4 Be6 16. h3 O-O-O 17. Bc2 Qe3+ 18. Qxe3 Nxe3 19. Bb3 Nf5 20. g4
Nd6 21. c5 Nb5 22. Bb4 Bxb3 23. axb3 f6 24. Re1 Rhe8 25. Rfe4 Rxe4 26. Rxe4
Rd1+ 27. Kf2 Nc7 28. Ba5 Rd2+ 29. Ke1 Rd8 30. Kf2 Re8 31. Rd4 Ne6 32. Rc4 Kd7
33. Bb6 Ke7 34. h4 Kf7 35. Re4 Re7 36. b4 Rd7 37. Ba7 Rd3 38. Re3 Rxe3 39. Kxe3
Nf8 40. Bb8 Ke6 41. g5 fxg5 42. hxg5 Kf5 0-1

[Event "Madrid ch 2009/10 Semifinal A"]
[Site "Madrid ESP"]
[Date "2010.01.11"]
[Round "1.6"]
[White "Ciuro Muñoz, Ricardo"]
[Black "Fuentes Arjona, Antonio"]
[Result "1-0"]
[WhiteElo "2138"]
[BlackElo "2041"]
[PlyCount "81"]
[EventDate "2010.01.11"]
[EventType "swiss"]
[EventRounds "9"]
[EventCountry "ESP"]
[Source "lmi"]
[SourceDate "2010.01.11"]

1. e4 c5 2. Nf3 Nc6 3. Bb5 b6 4. O-O Bb7 5. Re1 g6 6. c3 Bg7 7. d4 Qc7 8. g3 a6
9. Bf1 d6 10. Bg2 Rd8 11. Na3 Nf6 12. Rb1 O-O 13. d5 Na7 14. c4 b5 15. Bd2 Nd7
16. b3 b4 17. Nc2 Nc8 18. h4 h5 19. Ng5 Ne5 20. Qe2 Nb6 21. f4 Ng4 22. Bf3 Bc8
23. Kg2 a5 24. a4 Bd7 25. Ne3 Qc8 26. Rh1 f6 27. Nh3 Nxe3+ 28. Bxe3 Bg4 29.
Bxg4 hxg4 30. Nf2 f5 31. h5 e6 32. hxg6 exd5 33. cxd5 fxe4 34. Rbd1 Qf5 35. Rh4
Nxd5 36. Qc4 Bd4 37. Rxd4 cxd4 38. Bxd4 Rf6 39. Bxf6 Qxf6 40. Qxd5+ Kg7 41.
Rh7+ 1-0

[Event "Madrid ch 2009/10 Semifinal A"]
[Site "Madrid ESP"]
[Date "2010.01.11"]
[Round "1.7"]
[White "Caceres Rodriguez, Jose J"]
[Black "Coleto Calderon, Jose Antonio"]
[Result "0-1"]
[WhiteElo "2010"]
[BlackElo "2114"]
[PlyCount "80"]
[EventDate "2010.01.11"]
[EventType "swiss"]
[EventRounds "9"]
[EventCountry "ESP"]
[Source "lmi"]
[SourceDate "2010.01.11"]

1. Nf3 c6 2. c4 d5 3. cxd5 cxd5 4. d4 Nf6 5. Nc3 Nc6 6. Bf4 e6 7. e3 Bd6 8. Bg3
Ne4 9. Nxe4 dxe4 10. Nd2 f5 11. Bxd6 Qxd6 12. Qh5+ g6 13. Qh6 Kf7 14. a3 e5 15.
d5 Ne7 16. Nc4 Qf6 17. d6 Ng8 18. Qh3 Be6 19. g4 h5 20. gxf5 gxf5 21. Qg3 f4
22. exf4 exf4 23. Qb3 Rb8 24. O-O-O Nh6 25. Qb5 Ng4 26. Rg1 Qf5 27. d7 Qxb5 28.
Nd6+ Kf6 29. Bxb5 Nxf2 30. Rde1 e3 31. Rg2 a6 32. Be2 Bxd7 33. Bf3 Nd3+ 34. Kd1
Nxe1 35. Ne4+ Ke5 36. Rg5+ Bf5 37. Kxe1 Rbg8 38. Rxg8 Rxg8 39. Nc5 b6 40. Nxa6
Bg4 0-1

[Event "Madrid ch 2009/10 Semifinal A"]
[Site "Madrid ESP"]
[Date "2010.01.11"]
[Round "1.8"]
[White "Rodriguez De Castro, Ayar"]
[Black "Lopez Heras, Arturo"]
[Result "1-0"]
[WhiteElo "2113"]
[BlackElo "2005"]
[PlyCount "31"]
[EventDate "2010.01.11"]
[EventType "swiss"]
[EventRounds "9"]
[EventCountry "ESP"]
[Source "lmi"]
[SourceDate "2010.01.11"]

1. d4 c5 2. d5 e6 3. Nc3 d6 4. e4 Nf6 5. Nf3 exd5 6. exd5 Be7 7. Be2 O-O 8. O-O
Nbd7 9. Re1 Nb6 10. a4 a5 11. Bg5 Bg4 12. Nd2 Bxe2 13. Qxe2 Re8 14. Qd3 Nbxd5
15. Nxd5 Nxd5 16. Qxd5 1-0

[Event "Madrid ch 2009/10 Semifinal A"]
[Site "Madrid ESP"]
[Date "2010.01.11"]
[Round "1.9"]
[White "Iagar, Razvan-Gabriel"]
[Black "Lopez De Turiso Sanchez, Jose A"]
[Result "1/2-1/2"]
[WhiteElo "1980"]
[BlackElo "2106"]
[PlyCount "160"]
[EventDate "2010.01.11"]
[EventType "swiss"]
[EventRounds "9"]
[EventCountry "ESP"]
[Source "lmi"]
[SourceDate "2010.01.11"]

1. d4 c5 2. d5 Nf6 3. c4 e5 4. Nc3 d6 5. g3 g6 6. Bg2 Bg7 7. e4 a6 8. a4 O-O 9.
Nge2 Ne8 10. O-O f5 11. f4 b6 12. Qc2 Ra7 13. Bd2 Raf7 14. Rad1 Nc7 15. Be3 Nd7
16. Bc1 exf4 17. Bxf4 Ne5 18. b3 Bd7 19. exf5 Bxf5 20. Be4 Ne8 21. Bxf5 Rxf5
22. Ne4 g5 23. Bc1 Rxf1+ 24. Rxf1 Rxf1+ 25. Kxf1 h6 26. Kg2 Qd7 27. N2c3 Qf7
28. Qe2 g4 29. Bf4 Qh5 30. Bxe5 Bxe5 31. Nd1 Qg6 32. Ndf2 h5 33. Nd3 Qf5 34.
Qe3 Ng7 35. Nef2 Bd4 36. Qe4 Bxf2 37. Nxf2 Kf7 38. Qxf5+ Nxf5 39. Ne4 Ke7 40.
Kf2 Nd4 41. Nd2 Kf6 42. Ke3 Ke5 43. Kd3 b5 44. axb5 axb5 45. Ke3 b4 46. Kd3 Nf3
47. Nf1 h4 48. Ke3 Nd4 49. gxh4 Nf5+ 50. Kd3 Nxh4 51. Nd2 Nf5 52. Ne4 Nd4 53.
Nd2 Kf4 54. Ne4 Nf5 55. Nd2 Nd4 56. Ne4 Nf5 57. Nd2 Ke5 58. Ne4 Nh6 59. Ke3 Nf7
60. Nf2 Nh6 61. Ne4 Nf5+ 62. Kd3 Kf4 63. Nd2 g3 64. hxg3+ Nxg3 65. Nb1 Ne4 66.
Nd2 Nf2+ 67. Ke2 Ne4 68. Kd3 Nf2+ 69. Ke2 Ng4 70. Kd3 Nf6 71. Nf1 Nh5 72. Nd2
Ng7 73. Ne4 Ke5 74. Ke3 Nf5+ 75. Kd3 Ne7 76. Ke3 Nxd5+ 77. cxd5 Kxd5 78. Nd2
Kc6 79. Kd3 d5 80. Nf1 Kb5 1/2-1/2

[Event "Madrid ch 2009/10 Semifinal A"]
[Site "Madrid ESP"]
[Date "2010.01.11"]
[Round "1.10"]
[White "Vazquez Gonzalez, Francisco"]
[Black "Perez Cameselle, Francisco"]
[Result "1/2-1/2"]
[WhiteElo "2088"]
[BlackElo "1944"]
[PlyCount "72"]
[EventDate "2010.01.11"]
[EventType "swiss"]
[EventRounds "9"]
[EventCountry "ESP"]
[Source "lmi"]
[SourceDate "2010.01.11"]

1. e4 g6 2. d4 d6 3. Nc3 Nf6 4. Be3 Bg7 5. f3 O-O 6. Qd2 e5 7. d5 Ne8 8. g4
Qh4+ 9. Bf2 Qe7 10. O-O-O f5 11. gxf5 gxf5 12. exf5 Bxf5 13. Bd3 Bxd3 14. Qxd3
Nf6 15. Nge2 Nh5 16. Rdf1 Nd7 17. Ne4 Bh6+ 18. Kb1 Kh8 19. Rhg1 Rg8 20. Bg3 Nf4
21. Nxf4 Bxf4 22. Qc3 Bxg3 23. Nxg3 Nf6 24. f4 Nxd5 25. Qb3 Nxf4 26. Qxb7 a5
27. Nf5 Qd7 28. Qe4 Rxg1 29. Rxg1 Rg8 30. Rf1 Qb5 31. c4 Qb4 32. Rxf4 Rg1+ 33.
Kc2 Qa4+ 34. Kd2 Qb4+ 35. Kc2 Qa4+ 36. Kd2 Qb4+ 1/2-1/2

[Event "Madrid ch 2009/10 Semifinal A"]
[Site "Madrid ESP"]
[Date "2010.01.11"]
[Round "1.11"]
[White "Canseco Arenas, Alfonso"]
[Black "Alvarez Abejon, Amilcar"]
[Result "0-1"]
[WhiteElo "1826"]
[BlackElo "2084"]
[PlyCount "80"]
[EventDate "2010.01.11"]
[EventType "swiss"]
[EventRounds "9"]
[EventCountry "ESP"]
[Source "lmi"]
[SourceDate "2010.01.11"]

1. e4 e6 2. d3 c5 3. c4 Nc6 4. Nc3 g6 5. g3 Bg7 6. Bg2 Nge7 7. f4 d6 8. Nge2
O-O 9. O-O Rb8 10. Be3 Nd4 11. Rb1 b6 12. g4 f5 13. g5 Bb7 14. Ng3 Bc6 15. a4
Qd7 16. Nb5 a6 17. Nc3 b5 18. axb5 axb5 19. b3 Ra8 20. Nce2 Nxe2+ 21. Qxe2 Qb7
22. e5 dxe5 23. Bxc5 Rf7 24. fxe5 Bxg2 25. Qxg2 Qxg2+ 26. Kxg2 Bxe5 27. Rfe1
Ra2+ 28. Kf3 Nc6 29. Ne2 Rd7 30. Rbd1 Rb2 31. b4 Nxb4 32. d4 Rb3+ 33. Kg2 Nd3
34. Rxd3 Rxd3 35. dxe5 bxc4 36. Nf4 Rd2+ 37. Kg1 Kf7 38. h4 c3 39. Bb4 R2d4 40.
Bxc3 Rxf4 0-1

[Event "Madrid ch 2009/10 Semifinal A"]
[Site "Madrid ESP"]
[Date "2010.01.12"]
[Round "2.1"]
[White "Ballesteros Gonzalez, David"]
[Black "Coleto Calderon, Jose Antonio"]
[Result "1-0"]
[WhiteElo "2227"]
[BlackElo "2114"]
[PlyCount "79"]
[EventDate "2010.01.11"]
[EventType "swiss"]
[EventRounds "9"]
[EventCountry "ESP"]
[Source "lmi"]
[SourceDate "2010.01.11"]

1. d4 c6 2. c4 d5 3. Nc3 e6 4. Nf3 f5 5. g3 Nf6 6. Bg2 Bd6 7. O-O O-O 8. Bf4
Bxf4 9. gxf4 Ne4 10. Ne5 Qh4 11. e3 Nd7 12. cxd5 exd5 13. f3 Nxc3 14. bxc3 Nxe5
15. dxe5 Be6 16. Rf2 Rfd8 17. a4 b6 18. Bf1 Qe7 19. Qd4 Rd7 20. Rd2 Rad8 21.
Ba6 Kh8 22. Rad1 Kg8 23. Qb4 Kf8 24. Kf2 Kf7 25. Qxe7+ Kxe7 26. h4 h5 27. e4
dxe4 28. Rxd7+ Rxd7 29. Rxd7+ Kxd7 30. fxe4 fxe4 31. Ke3 Bb3 32. Kxe4 Bc2+ 33.
Bd3 Bxa4 34. Kf5 Bb3 35. Kg6 a5 36. f5 a4 37. e6+ Kd8 38. Kxg7 Ke8 39. c4 a3
40. f6 1-0

[Event "Madrid ch 2009/10 Semifinal A"]
[Site "Madrid ESP"]
[Date "2010.01.12"]
[Round "2.4"]
[White "Alvarez Abejon, Amilcar"]
[Black "Ciuro Muñoz, Ricardo"]
[Result "1-0"]
[WhiteElo "2084"]
[BlackElo "2138"]
[PlyCount "37"]
[EventDate "2010.01.11"]
[EventType "swiss"]
[EventRounds "9"]
[EventCountry "ESP"]
[Source "lmi"]
[SourceDate "2010.01.11"]

1. e4 e6 2. d4 d5 3. Nd2 Nf6 4. e5 Nfd7 5. Bd3 c5 6. c3 b6 7. Ngf3 Ba6 8. Bxa6
Nxa6 9. O-O Be7 10. Qe2 Nab8 11. c4 Nf8 12. Rd1 Ng6 13. Nf1 O-O 14. Ng3 dxc4
15. dxc5 Qc7 16. Ne4 bxc5 17. Nd6 Nxe5 18. Qxe5 Rd8 19. Bf4 1-0

[Event "Madrid ch 2009/10 Semifinal A"]
[Site "Madrid ESP"]
[Date "2010.01.12"]
[Round "2.6"]
[White "Lopez De Turiso Sanchez, Jose A"]
[Black "Vazquez Gonzalez, Francisco"]
[Result "1-0"]
[WhiteElo "2106"]
[BlackElo "2088"]
[PlyCount "117"]
[EventDate "2010.01.11"]
[EventType "swiss"]
[EventRounds "9"]
[EventCountry "ESP"]
[Source "lmi"]
[SourceDate "2010.01.11"]

1. Nc3 d5 2. e4 e6 3. g3 c6 4. Bg2 Bd6 5. f4 Ne7 6. Nf3 Nd7 7. d3 Qb6 8. Qe2
O-O 9. a3 a5 10. Na4 Qa6 11. e5 Bc7 12. d4 Qxe2+ 13. Kxe2 b5 14. Nc5 Nxc5 15.
dxc5 Ba6 16. b4 Bc8 17. Bb2 Bb7 18. c3 Ng6 19. Nd4 Rae8 20. h4 f6 21. h5 Nh8
22. Bh3 fxe5 23. Nxe6 exf4 24. Kd2 fxg3 25. Nxf8 Bf4+ 26. Kd3 Re3+ 27. Kc2 Re2+
28. Kb3 a4+ 29. Ka2 Kxf8 30. Rae1 Rh2 31. Rxh2 gxh2 32. Rf1 Ke7 33. Bc1 Be5 34.
Bg5+ Ke8 35. Re1 Kf8 36. Bg2 Nf7 37. Rf1 Bc8 38. Bf4 Bh3 39. Bxh3 Bxf4 40. Be6
Be3 41. Bxf7 Ke7 42. Bxd5 cxd5 43. Rh1 Bg1 44. Kb2 g5 45. hxg6 hxg6 46. Kc2 g5
47. Kd3 g4 48. Ke2 g3 49. Kf1 Be3 50. Kg2 Bf4 51. Rf1 Bc7 52. Rf5 Ke6 53. Rh5
Bf4 54. Rh7 d4 55. cxd4 Kd5 56. Rh5+ Kc4 57. d5 Kb3 58. d6 Kxa3 59. Rf5 1-0

[Event "Madrid ch 2009/10 Semifinal A"]
[Site "Madrid ESP"]
[Date "2010.01.12"]
[Round "2.7"]
[White "Lorenzo Bailador, Alfredo"]
[Black "Iagar, Razvan-Gabriel"]
[Result "0-1"]
[WhiteElo "2078"]
[BlackElo "1980"]
[PlyCount "136"]
[EventDate "2010.01.11"]
[EventType "swiss"]
[EventRounds "9"]
[EventCountry "ESP"]
[Source "lmi"]
[SourceDate "2010.01.11"]

1. e4 e6 2. d4 d5 3. Nd2 c5 4. exd5 Qxd5 5. Ngf3 cxd4 6. Bc4 Qd8 7. O-O Nc6 8.
Nb3 Nf6 9. Nbxd4 Nxd4 10. Qxd4 Qxd4 11. Nxd4 Bd7 12. Bf4 Rc8 13. Bb3 Bc5 14.
Rad1 O-O 15. Rfe1 h6 16. c3 Rfd8 17. h3 Kh8 18. Nf3 Be8 19. Be5 Nd7 20. Bd4
Bxd4 21. Rxd4 Nc5 22. Rxd8 Rxd8 23. Rd1 Rxd1+ 24. Bxd1 Nd3 25. b3 Kg8 26. Bc2
Nc1 27. a4 Ne2+ 28. Kf1 Nxc3 29. Nd4 Kf8 30. Ke1 Ke7 31. Kd2 Nd5 32. g3 Kd6 33.
f4 Bd7 34. Nf3 f6 35. h4 e5 36. fxe5+ fxe5 37. Be4 Be6 38. Kd3 b6 39. Nd2 Nf6
40. Bf3 Bd5 41. Nc4+ Ke6 42. Be2 Ne4 43. g4 Nc5+ 44. Kc3 e4 45. Kb4 Nd3+ 46.
Kc3 Nf4 47. Bf1 Ng6 48. h5 Ne5 49. Ne3 Bc6 50. Be2 Kf6 51. Nf5 Bd7 52. Ng3 Nxg4
53. Nxe4+ Ke5 54. Nd2 Kf4 55. Nf3 Nf6 56. Nd4 Kg5 57. b4 Nxh5 58. b5 Nf6 59.
Nc6 a6 60. Kd4 axb5 61. axb5 Kf4 62. Ne5 Bf5 63. Nf7 h5 64. Nd6 Bd7 65. Bf1 h4
66. Bg2 h3 67. Bc6 h2 68. Bh1 Bg4 0-1

[Event "Madrid ch 2009/10 Semifinal A"]
[Site "Madrid ESP"]
[Date "2010.01.12"]
[Round "2.8"]
[White "Perez Cameselle, Francisco"]
[Black "Salcedo Tornero, Pablo"]
[Result "0-1"]
[WhiteElo "1944"]
[BlackElo "2201"]
[PlyCount "80"]
[EventDate "2010.01.11"]
[EventType "swiss"]
[EventRounds "9"]
[EventCountry "ESP"]
[Source "lmi"]
[SourceDate "2010.01.11"]

1. Nf3 f5 2. g3 Nf6 3. Bg2 e6 4. d3 Nc6 5. O-O Be7 6. Nc3 O-O 7. e4 fxe4 8.
dxe4 e5 9. Bg5 d6 10. Qd3 Be6 11. a3 Ng4 12. Bxe7 Qxe7 13. Nd5 Qd8 14. Rad1 Kh8
15. Nd2 Qd7 16. Nc4 Rf7 17. f3 Nh6 18. Nce3 Raf8 19. c3 Ng8 20. Rd2 Nce7 21.
Rdf2 Ng6 22. c4 h5 23. Qe2 c6 24. Nc3 h4 25. Rd1 Nf6 26. Qd2 Ne8 27. Qe1 Qe7
28. Rfd2 Qg5 29. b3 h3 30. Bh1 Nh4 31. Rf2 Nxf3+ 32. Rxf3 Rxf3 33. Bxf3 Rxf3
34. Rd3 Bg4 35. Ncd1 Bh5 36. Nf2 Rxg3+ 37. hxg3 Qxg3+ 38. Kf1 h2 39. Ng2 Bf3
40. Rxf3 Qxf3 0-1

[Event "Madrid ch 2009/10 Semifinal A"]
[Site "Madrid ESP"]
[Date "2010.01.12"]
[Round "2.9"]
[White "Martin Rodriguez, Emilio"]
[Black "Caceres Rodriguez, Jose J"]
[Result "1/2-1/2"]
[WhiteElo "2113"]
[BlackElo "2010"]
[PlyCount "139"]
[EventDate "2010.01.11"]
[EventType "swiss"]
[EventRounds "9"]
[EventCountry "ESP"]
[Source "lmi"]
[SourceDate "2010.01.11"]

1. d4 d5 2. c4 c6 3. Nf3 Nf6 4. Nc3 dxc4 5. e4 b5 6. Be2 b4 7. Na4 Nxe4 8. Bxc4
e6 9. O-O Be7 10. Ne5 Nf6 11. Be3 O-O 12. Rc1 Ba6 13. Bxa6 Nxa6 14. Nxc6 Qd7
15. Qc2 Bd6 16. Qc4 Nc7 17. b3 Ncd5 18. Bd2 Ne4 19. Rc2 Rfc8 20. Be3 Rc7 21.
Qd3 Nec3 22. Nxc3 Qxc6 23. Nxd5 Qxc2 24. Qa6 Rc6 25. Qb7 Rac8 26. Ne7+ Bxe7 27.
Qxe7 a5 28. h4 Qxa2 29. h5 R6c7 30. Qg5 Qc2 31. Qxa5 Qxb3 32. h6 Qd5 33. Qxb4
Rd7 34. Rb1 gxh6 35. Bxh6 Qxd4 36. Qb5 Rd5 37. Qe2 Qh4 38. Be3 Rh5 39. f4 Qh1+
40. Kf2 Qxb1 41. Qxh5 Qc2+ 42. Kg1 Qg6 43. Qb5 Rd8 44. Kf2 h5 45. Qa5 Rc8 46.
Kg1 Kh7 47. Qa2 Rc2 48. Qa8 Qg3 49. Qe4+ Qg6 50. Qb7 h4 51. Bf2 Rc1+ 52. Kh2
Rc2 53. Bxh4 Qh5 54. Qe4+ f5 55. Qxc2 Qxh4+ 56. Kg1 Qe1+ 57. Kh2 Qh4+ 58. Kg1
Qxf4 59. Qc6 Qe3+ 60. Kh2 e5 61. Qd7+ Kg6 62. Qe6+ Kg5 63. Qe7+ Kg4 64. Qg7+
Kf4 65. Qh6+ Ke4 66. Qc6+ Kd3 67. Qd7+ Ke2 68. Qxf5 Qf4+ 69. Qxf4 exf4 70. Kh3
1/2-1/2

[Event "Madrid ch 2009/10 Semifinal A"]
[Site "Madrid ESP"]
[Date "2010.01.12"]
[Round "2.10"]
[White "Fuentes Arjona, Antonio"]
[Black "Lopez-Andujar Ocaña, Antonio"]
[Result "0-1"]
[WhiteElo "2041"]
[BlackElo "2083"]
[PlyCount "118"]
[EventDate "2010.01.11"]
[EventType "swiss"]
[EventRounds "9"]
[EventCountry "ESP"]
[Source "lmi"]
[SourceDate "2010.01.11"]

1. e4 e5 2. Nf3 Nc6 3. Bb5 a6 4. Ba4 Nf6 5. d3 b5 6. Bb3 Bc5 7. O-O d6 8. c3
O-O 9. h3 Qe7 10. Re1 Bd7 11. Bg5 h6 12. Bh4 g5 13. Bg3 Bb6 14. Nbd2 Nh5 15.
Nxe5 Nxg3 16. Nxd7 Qxd7 17. Qf3 Ne5 18. Qxg3 Kg7 19. d4 Ng6 20. Nf3 Rae8 21.
Bc2 c5 22. Rad1 Nf4 23. Qg4 Qxg4 24. hxg4 cxd4 25. Nxd4 Bxd4 26. Rxd4 Re6 27.
Bb3 Rf6 28. e5 dxe5 29. Rxe5 Ng6 30. Re1 Rb8 31. g3 Rbb6 32. Kg2 Rfd6 33. Red1
Rf6 34. Re1 Rb7 35. Re8 Rfb6 36. f4 Kf6 37. Rd5 gxf4 38. Rf5+ Kg7 39. Kf3 Rd6
40. Bd5 Rbd7 41. c4 bxc4 42. Bxc4 Rd2 43. Re2 Rd1 44. Rh2 fxg3 45. Kxg3 Rg1+
46. Kh3 Re1 47. Rhf2 Re3+ 48. Kh2 Ne5 49. R5f4 a5 50. b3 Rc3 51. a4 Nxc4 52.
bxc4 Rc7 53. Rf5 R3xc4 54. Rxa5 Rxg4 55. Kh3 Rg5 56. Rxg5+ hxg5 57. Kg4 Kg6 58.
Ra2 Rc3 59. Rf2 f5+ 0-1

[Event "Madrid ch 2009/10 Semifinal A"]
[Site "Madrid ESP"]
[Date "2010.01.12"]
[Round "2.11"]
[White "Lopez Heras, Arturo"]
[Black "Martin Martin, Luis Vicente"]
[Result "1-0"]
[WhiteElo "2005"]
[BlackElo "2061"]
[PlyCount "51"]
[EventDate "2010.01.11"]
[EventType "swiss"]
[EventRounds "9"]
[EventCountry "ESP"]
[Source "lmi"]
[SourceDate "2010.01.11"]

1. e4 e6 2. d4 d5 3. e5 c5 4. c3 Qb6 5. Nf3 Nc6 6. Bd3 cxd4 7. cxd4 Bd7 8. Nbd2
Nxd4 9. O-O Nc6 10. a3 g6 11. b4 Bg7 12. Bb2 a6 13. Nb3 Nge7 14. Nc5 Rd8 15.
Rc1 O-O 16. Re1 Qa7 17. Qd2 Nb8 18. Qe2 Nec6 19. Rc2 Rc8 20. Bc1 Rfd8 21. Bg5
Re8 22. Bf6 b6 23. Nxa6 Nxa6 24. Bxa6 Ra8 25. Bb5 Nxe5 26. Bxe5 1-0

[Event "Madrid ch 2009/10 Semifinal A"]
[Site "Madrid ESP"]
[Date "2010.01.12"]
[Round "2.12"]
[White "Canseco Arenas, Alfonso"]
[Black "Vazquez Gonzalez, Jesus"]
[Result "0-1"]
[WhiteElo "1826"]
[BlackElo "2050"]
[PlyCount "74"]
[EventDate "2010.01.11"]
[EventType "swiss"]
[EventRounds "9"]
[EventCountry "ESP"]
[Source "lmi"]
[SourceDate "2010.01.11"]

1. e4 c5 2. Nf3 g6 3. d3 Bg7 4. Be3 Bxb2 5. Nbd2 Bxa1 6. Qxa1 Nf6 7. Bxc5 d6 8.
Ba3 Bg4 9. e5 dxe5 10. Nxe5 O-O 11. Nxg4 Nxg4 12. Be2 Nf6 13. O-O Nc6 14. Nf3
Nd5 15. Bd1 Qa5 16. Bc1 Rfd8 17. c4 Ndb4 18. Bh6 e5 19. Bb3 Nxd3 20. Bg5 Rd6
21. Bd2 Qc7 22. Ng5 Nc5 23. Be3 Nd4 24. Bd1 f6 25. Nh3 Nf5 26. Bc1 Rad8 27. Bf3
e4 28. Bg4 Nd3 29. Ba3 Ra6 30. Bc1 Qxc4 31. Bxf5 gxf5 32. Be3 Qxa2 33. Qc3 Qf7
34. f3 Rc6 35. Qa5 Qd5 36. Qxa7 Ra6 37. fxe4 Qxe4 0-1

[Event "Madrid ch 2009/10 Semifinal A"]
[Site "Madrid ESP"]
[Date "2010.01.13"]
[Round "3.1"]
[White "Rodriguez De Castro, Ayar"]
[Black "Ballesteros Gonzalez, David"]
[Result "0-1"]
[WhiteElo "2113"]
[BlackElo "2227"]
[PlyCount "112"]
[EventDate "2010.01.11"]
[EventType "swiss"]
[EventRounds "9"]
[EventCountry "ESP"]
[Source "lmi"]
[SourceDate "2010.01.11"]

1. d4 Nf6 2. c4 g6 3. g3 Bg7 4. Bg2 O-O 5. Nf3 d6 6. O-O Nc6 7. Nc3 Nd7 8. Bg5
h6 9. Bc1 Nb6 10. b3 Bg4 11. Be3 g5 12. Rc1 f5 13. d5 Bxf3 14. exf3 Nb8 15. f4
g4 16. h3 h5 17. Bd4 N6d7 18. Nb5 Nf6 19. Re1 c5 20. dxc6 Nxc6 21. Rc2 a6 22.
Nc3 gxh3 23. Bxf6 Bxf6 24. Bd5+ Kg7 25. Qxh5 Nd4 26. Rd2 h2+ 27. Kg2 e6 28.
Rxd4 Rh8 29. Qd1 exd5 30. Nxd5 Bxd4 31. Qxd4+ Kf7 32. Rh1 Rh6 33. Qd3 Qd7 34.
Rxh2 Rxh2+ 35. Kxh2 Rh8+ 36. Kg2 Qe6 37. Nc7 Qd7 38. Nd5 Rh5 39. Qe2 Rh6 40.
Ne3 Qe6 41. Qf3 b5 42. Qb7+ Kg6 43. Qd5 Qxd5+ 44. Nxd5 bxc4 45. bxc4 Rh7 46. a4
Rb7 47. a5 Kf7 48. Kh3 Rb3 49. Nc7 Ra3 50. Nxa6 Rxa5 51. Nc7 Rc5 52. Nb5 d5 53.
Nd4 dxc4 54. f3 c3 55. Nc2 Rd5 56. g4 Rd2 0-1

[Event "Madrid ch 2009/10 Semifinal A"]
[Site "Madrid ESP"]
[Date "2010.01.13"]
[Round "3.2"]
[White "Alvarez Abejon, Amilcar"]
[Black "Cabañas Jimenez, Andres"]
[Result "1/2-1/2"]
[WhiteElo "2084"]
[BlackElo "2174"]
[PlyCount "66"]
[EventDate "2010.01.11"]
[EventType "swiss"]
[EventRounds "9"]
[EventCountry "ESP"]
[Source "lmi"]
[SourceDate "2010.01.11"]

1. e4 c5 2. Nf3 Nc6 3. Nc3 Nf6 4. d4 cxd4 5. Nxd4 e5 6. Ndb5 d6 7. Bg5 a6 8.
Na3 b5 9. Nd5 Be7 10. Bxf6 Bxf6 11. c4 b4 12. Nc2 a5 13. Be2 Bg5 14. O-O O-O
15. h3 Be6 16. Bg4 g6 17. Bxe6 fxe6 18. Nde3 Qc7 19. Qd3 Nd8 20. a3 Bxe3 21.
Nxe3 bxa3 22. Qxa3 Rb8 23. Qxa5 Qxa5 24. Rxa5 Rxb2 25. Rb5 Rxb5 26. cxb5 Nb7
27. Ra1 Nc5 28. f3 Rb8 29. Nc4 d5 30. exd5 exd5 31. Nxe5 Rxb5 32. Ra7 d4 33.
Nd7 Nxd7 1/2-1/2